Ligne 4 du Métro de Paris - Statistiques

Statistiques générales
  • Ce quiz a été pris 80 fois
  • Le résultat moyen est 22 sur 29
Statistiques - réponses
Stations Correspondances % Correct
Châtelet M1 7 11 14
96%
Les Halles RER A B D
92%
Montparnasse—Bienvenüe M6 12 13
92%
Gare du Nord M5 / RER B D E / Transilien H K
90%
Gare de l’Est M5 7 / Transilien P
88%
Denfert-Rochereau M6 / RER B
86%
Cité
84%
Porte de Clignancourt T3b
84%
Saint-Michel RER B C
84%
Saint-Placide
80%
Saint-Sulpice
80%
Château d’Eau
78%
Odéon M10
78%
Réaumur—Sébastopol M3
78%
Strasbourg—Saint-Denis M8 M9
75%
Alésia
69%
Barbès—Rochechouart M2
69%
Raspail M6
69%
Château Rouge
67%
Saint-Germain-des-Prés
67%
Vavin
67%
Porte d’Orléans T3a
65%
Bagneux—Lucie Aubrac M15
63%
Etienne Marcel
63%
Mairie de Montrouge
63%
Barbara
61%
Mouton-Duvernet
61%
Marcadet—Poissonniers M12
59%
Simplon
45%
Aucun quiz correspondant
Distribution des résultats
% des personnes avec chaque résultat
Percentile par nombre de réponses
Votre historique - résultats
Vous n’avez pas pris ce quiz